00241 a2200109 4500001000700000040003500007100002300042240002700065245002200092300000800114362000900122155680 cEscola São Tomás de Aquino aAZEVEDO, Aluísio10aAluísio Azevedolpor10aAluísio Azevedo a1070 a1980